Svetová ekonomická kríza a jej dopad na africké krajiny

Príspevok je venovaný posúdeniu dôsledkov globálnej ekonomickej krízy na africké krajiny a hodnotí makroekonomické ukazovatele ktoré prispeli k relatívne priaznivým výsledkom oživenia väčšiny afrických krajín v roku 2010. Zároveň hodnotí problematické oblasti súčasnej africkej ekonomiky a upozorňuje...

Full description

Saved in:
Bibliographic Details
Main Author: Morávek, Štefan
Format: Book Chapter
Language:Slovak
Subjects:
Tags: Add Tag
No Tags, Be the first to tag this record!

MARC

LEADER 00000nla$a2200000$$$4500
001 0149670
005 20240502072706.2
041 0 |a slo 
044 |a SK 
245 1 0 |a Svetová ekonomická kríza a jej dopad na africké krajiny  |c Štefan Morávek 
520 |a Príspevok je venovaný posúdeniu dôsledkov globálnej ekonomickej krízy na africké krajiny a hodnotí makroekonomické ukazovatele ktoré prispeli k relatívne priaznivým výsledkom oživenia väčšiny afrických krajín v roku 2010. Zároveň hodnotí problematické oblasti súčasnej africkej ekonomiky a upozorňuje na nutnosť realizácie konsolidačných opatrení s cieľom dosiahnuť, aj keď oneskorene, splnenie miléniových rozvojových cieľov OSN. 
610 2 0 |a kríza hospodárska 
610 2 0 |a oživenie 
610 2 0 |a Afrika 
610 2 0 |a ukazovatele makroekonomické 
610 2 0 |a nezamestnanosť 
610 2 0 |a inflácia 
610 2 0 |a financie verejné 
100 1 |a Morávek, Štefan